| 000 -LEADER |
| fixed length control field |
03396cam a22003978i 4500 |
| 001 - CONTROL NUMBER |
| control field |
21457693 |
| 003 - CONTROL NUMBER IDENTIFIER |
| control field |
NUST |
| 005 - DATE AND TIME OF LATEST TRANSACTION |
| control field |
20210804155828.0 |
| 008 - FIXED-LENGTH DATA ELEMENTS--GENERAL INFORMATION |
| fixed length control field |
200305s2020 nyu b 001 0 eng |
| 010 ## - LIBRARY OF CONGRESS CONTROL NUMBER |
| LC control number |
2020009827 |
| 020 ## - INTERNATIONAL STANDARD BOOK NUMBER |
| International Standard Book Number |
9780367277345 |
| Qualifying information |
(paperback) |
| 020 ## - INTERNATIONAL STANDARD BOOK NUMBER |
| Canceled/invalid ISBN |
9780429297588 |
| 038 ## - RECORD CONTENT LICENSOR |
| Staff Name |
Muzammail |
| 040 ## - CATALOGING SOURCE |
| Original cataloging agency |
DLC |
| Language of cataloging |
eng |
| Description conventions |
rda |
| Transcribing agency |
DLC |
| 042 ## - AUTHENTICATION CODE |
| Authentication code |
pcc |
| 050 00 - LIBRARY OF CONGRESS CALL NUMBER |
| Classification number |
HD69.P75 |
| Item number |
N53 2020 |
| 082 00 - DEWEY DECIMAL CLASSIFICATION NUMBER |
| Classification number |
658.404 |
| Edition number |
23 |
| Author Mark |
NIC |
| 100 1# - MAIN ENTRY--PERSONAL NAME |
| Personal name |
Nicholas, John M., |
| Dates associated with a name |
1945- |
| Relator term |
author. |
| 9 (RLIN) |
81240 |
| 245 10 - TITLE STATEMENT |
| Title |
Project management for engineering, business and technology / |
| Statement of responsibility, etc. |
John M. Nicholas,& Herman Steyn. |
| 250 ## - EDITION STATEMENT |
| Edition statement |
Sixth edition. |
| 263 ## - PROJECTED PUBLICATION DATE |
| Projected publication date |
2010 |
| 264 #1 - PRODUCTION, PUBLICATION, DISTRIBUTION, MANUFACTURE, AND COPYRIGHT NOTICE |
| Place of production, publication, distribution, manufacture |
Abingdon, Oxon ; New York, NY : |
| Name of producer, publisher, distributor, manufacturer |
Routledge, |
| Date of production, publication, distribution, manufacture, or copyright notice |
2021 |
| 300 ## - PHYSICAL DESCRIPTION |
| Extent |
xxi,732p.: |
| 336 ## - CONTENT TYPE |
| Content type term |
text |
| Content type code |
txt |
| Source |
rdacontent |
| 337 ## - MEDIA TYPE |
| Media type term |
unmediated |
| Media type code |
n |
| Source |
rdamedia |
| 338 ## - CARRIER TYPE |
| Carrier type term |
volume |
| Carrier type code |
nc |
| Source |
rdacarrier |
| 504 ## - BIBLIOGRAPHY, ETC. NOTE |
| Bibliography, etc. note |
Includes bibliographical references and index. |
| 520 ## - SUMMARY, ETC. |
| Summary, etc. |
"Project Management for Engineering, Business and Technology is a highly regarded textbook that addresses project management across all industries. First covering the essential background, from origins and philosophy to methodology, the bulk of the book is dedicated to concepts and techniques for practical application. Coverage includes project initiation and proposals, scope and task definition, scheduling, budgeting, risk analysis, control, project selection and portfolio management, program management, project organization, and all-important "people" aspects-project leadership, team building, conflict resolution and stress management. The Systems Development Cycle is used as a framework to discuss project management in a variety of situations, making this the go-to book for managing virtually any kind of project, program or task force. The authors focus on the ultimate purpose of project management-to unify and integrate the interests, resources and work efforts of many stakeholders, as well as the planning, scheduling, and budgeting needed to accomplish overall project goals. This 6th edition features: Updates throughout to cover the latest developments in project management methodologies New chapter on project procurement management and contracts An expansion of case study coverage throughout, including those on the topic of sustainability and climate change, as well as cases and examples from across the globe, including India, Africa, Asia, and Australia Extensive instructor support materials, including an instructor's manual, PowerPoint slides, answers to chapter review questions and a test bank of questions. Taking a technical yet accessible approach, Project Management for Business, Engineering and Technology, 6th edition, is an ideal resource and reference for all advanced undergraduate and graduate students in project management courses as well as for practicing project managers across all industry sectors"-- |
| Assigning source |
Provided by publisher. |
| 563 ## - BINDING INFORMATION |
| Binding note |
paperback |
| 650 #0 - SUBJECT ADDED ENTRY--TOPICAL TERM |
| Topical term or geographic name entry element |
Project management. |
| 700 1# - ADDED ENTRY--PERSONAL NAME |
| Personal name |
Steyn, Herman, |
| Relator term |
author. |
| 9 (RLIN) |
81241 |
| 776 08 - ADDITIONAL PHYSICAL FORM ENTRY |
| Relationship information |
Online version: |
| Main entry heading |
Nicholas, John M., 1945- |
| Title |
Project management for engineering, business and technology |
| Edition |
Sixth edition. |
| Place, publisher, and date of publication |
Abingdon, Oxon ; New York, NY : Routledge, 2020. |
| International Standard Book Number |
9780429297588 |
| Record control number |
(DLC) 2020009828 |
| 906 ## - LOCAL DATA ELEMENT F, LDF (RLIN) |
| a |
7 |
| b |
cbc |
| c |
orignew |
| d |
1 |
| e |
ecip |
| f |
20 |
| g |
y-gencatlg |
| 942 ## - ADDED ENTRY ELEMENTS (KOHA) |
| Source of classification or shelving scheme |
|
| Koha item type |
Book |